Co to za miasto (dziwne podpowiedzi) #1 - Statystyki

Ogólne statystyki
  • Ten quiz został rozwiązany 1 569 razy
  • Średni wynik to 12 z 15
Statystyki odpowiedzi
Państwo Pierwsza Litera Ciekawostka Ludność Znane miejsce Miasto % Poprawnych
Włochy R Na terenie tego miasta leży najmniejsze państwo świata 2 869 461 Panteon Rzym
99%
Polska Ł W tym mieście znajduje największy aquapark w Polsce 682 679 Manufaktura Łódź
95%
Francja P W tym mieście znajduje się muzeum posiadające m.in takie obrazy jak "Mona Lisa" 2 243 833 Wieża Eiffla Paryż
94%
Norwegia O Miasto to było gospodarzem Eurowizji w 2010 roku 658 390 Muzeum statku polarnego Fram Oslo
91%
Hiszpania B To miasto jest stolicą Katalonii 1 620 809 Sagrada Familia Barcelona
90%
Czechy P 12% mieszkańców Czech zamieszkuje to właśnie miasto 1 280 508 Złota Uliczka Praga
90%
Niemcy H Powierzchniowo, to miasto jest siedmiokrotnie większe od Paryża 1 834 823 Speicherstadt Hamburg
84%
Brazylia R W tym mieście znajduje się największy stadion piłkarski świata 6 498 837 Statua Jezusa Chrystusa Rio De Janeiro
84%
Zjednoczone Emiraty Arabskie D W tym mieście znajduje się najwyższy budynek świata! 3 303 809 Wyspy Palmowe Dubaj
83%
Egipt K Miasto to jest centrum świata arabskiego 20 439 541 Grobowce Mameluków Kair
83%
Australia S Stolica stanu "Nowa Południowa Walia" 5 230 330 Opera Hause Sydney
83%
Kanada T Jest to największe miasto Kanady 2 615 060 Scotiabank Area Toronto
78%
Chiny S Jest to największe miasto w tym kraju 24 153 001 Bund Szanghaj
75%
Stany Zjednoczone P W tym mieście znajduje się największy park miejski świata 1 488 750 Arizona Science Center Phoenix
35%
Francja K Miasto to jest stolicą jednego z zamorskich terytoriów Francji 55 023 Rynek Główny Kajenna
11%
Nie znaleziono quizów pasujących do podanych kryteriów
Rozkład punktacji
Procent ludzi z każdym wynikiem
Percentyl według liczby udzielonych odpowiedzi
Twoja historia wyników
Nie rozwiązałeś tego quizu